Trny pravdy /

Hlavní autor: Goudge, Eileen, 1950-
Další autoři: Hanzlík, Josef, 1938-2012
Jazyk: Čeština
Vydáno: Praha : Ikar, 1999
Vydání: Vyd. 1.
Témata:
Fyzický popis: 350 s. ; 21 cm
Knihy
Uloženo v:
LEADER 00875nam a2200277 a 4500
001 000442500
003 CZ BrMZK
005 19990315143423.0
007 ta
008 990315s1999 xr f cze d
015 |a cnb000771097 
020 |a 80-7202-515-5 
035 |a (OCoLC)62310627 
040 |a BOA001  |b cze 
080 |a 820(73)-31=850  |2 MRF 
100 1 |a Goudge, Eileen,  |d 1950-  |7 xx0002851  |4 aut 
245 1 0 |a Trny pravdy /  |c Eileen Goudgeová ; [z angličtiny přeložil Josef Hanzlík] 
250 |a Vyd. 1. 
260 |a Praha :  |b Ikar,  |c 1999 
300 |a 350 s. ;  |c 21 cm 
655 7 |a americké romány  |7 fd131796  |2 czenas 
700 1 |a Hanzlík, Josef,  |d 1938-2012  |7 jk01033544  |4 trl 
765 0 |t Thorns of truth 
910 |a BOA001  |b 2-1064.397 
990 |a BK 
996 6 |b 2610103724  |c 2-1064.397  |l MZK  |r Sklad / do 1 hodiny  |n 8  |p p.v.  |w 000442500  |u 000010  |a 1  |e BOA001  |j MZK50  |s P